Emoji Quiz #24 - Statistics

General Stats
  • This quiz has been taken 30 times
  • The average score is 17 of 25
Answer Stats
Hint Answer % Correct
🔑 {key}
100%
🔨 {hammer}
93%
🪓 {axe}
89%
🧱 {brick}
85%
🧬 {dna}
81%
⛏️ {pick}
81%
🔩 nut and {bolt}
78%
🔒 {locked}
74%
🪨 {rock}
74%
🔓 {unlocked}
74%
🔧 {wrench}
74%
🪛 {screwdriver}
70%
⚙️ {gear}
67%
🛠️ {hammer} and {wrench}
67%
🛖 {hut}
67%
🪵 {log}
67%
🧫 {petri} dish
67%
🩻 {x}-{ray}
67%
💉 {syringe}
56%
🛢️ {oil} drum
52%
🩺 {stethoscope}
48%
🧪 {test} {tube}
44%
⚒️ {hammer} and {pick}
41%
🗜️ {clamp}
37%
⚗️ {alembic}
19%
No matching quizzes found
Score Distribution
Percent of People with Each Score
Percentile by Number Answered
Your Score History
You have not taken this quiz